000 00627nam a22001937a 4500
003 OSt
005 20251104073445.0
008 251104b |||||||| |||| 00| 0 eng d
020 _a0-07-288473-8
040 _aDWCL-Main lib
_cOC
082 _216th ed.
_aCirc. 339 W229s 2005
100 _aWalstad, William
245 _aStudy guide to accompany McConnell and Brue macroeconomics 16th ed.
_cWalstad, William
260 _aBoston :
_bMcGraw-Hill/Irwin,
_cc2005.
300 _axii, 303 pages :
_billustration ;
_c27 cm.
650 _21. Macroeconomics.
700 _aBingham, Robert C.
942 _2ddc
_cBK-CIRC
_e16th ed.
_kCirc.
_n0
999 _c5428
_d5428